|
|
|
|
| LEADER |
00000naa0a2200000 4500 |
| 001 |
641885 |
| 005 |
20250603143038.0 |
| 035 |
|
|
|a (RuTPU)RU\TPU\network\6816
|
| 090 |
|
|
|a 641885
|
| 100 |
|
|
|a 20150608d2015 k y0rusy50 ca
|
| 101 |
0 |
|
|a rus
|
| 102 |
|
|
|a RU
|
| 135 |
|
|
|a drcn ---uucaa
|
| 181 |
|
0 |
|a i
|
| 182 |
|
0 |
|a b
|
| 200 |
1 |
|
|a Переработка железосодержащих отходов хлоридом аммония
|d Recycling of iron-containing waste by ammonium chloride
|f А. А. Смороков
|
| 203 |
|
|
|a Текст
|c электронный
|
| 300 |
|
|
|a Заглавие с экрана
|
| 320 |
|
|
|a [Библиогр.: С. 129 (5 назв.)]
|
| 461 |
|
|
|t Полифункциональные химические материалы и технологии
|o материалы Международной научной конференции, 21-22 мая 2015 г., Томск
|f Национальный исследовательский Томский государственный университет (ТГУ) ; под ред. Ю. Г. Слижова
|d 2015
|
| 463 |
|
|
|t Т. 3
|v [С. 126-129]
|d 2015
|
| 510 |
1 |
|
|a Recycling of iron-containing waste by ammonium chloride
|z eng
|
| 610 |
1 |
|
|a электронный ресурс
|
| 610 |
1 |
|
|a труды учёных ТПУ
|
| 610 |
1 |
|
|a хлорид аммония
|
| 610 |
1 |
|
|a пиритные огарки
|
| 610 |
1 |
|
|a хлораммонийное разделение
|
| 610 |
1 |
|
|a оксид железа
|
| 610 |
1 |
|
|a хлориды
|
| 700 |
|
1 |
|a Смороков
|b А. А.
|c химик-технолог
|c старший преподаватель, младший научный сотрудник Томского политехнического университета
|f 1993-
|g Андрей Аркадьевич
|3 (RuTPU)RU\TPU\pers\33847
|9 17436
|
| 712 |
0 |
2 |
|a Национальный исследовательский Томский политехнический университет (ТПУ)
|b Физико-технический институт (ФТИ)
|b Кафедра химической технологии редких, рассеянных и радиоактивных элементов (№ 43) (ХТРЭ)
|3 (RuTPU)RU\TPU\col\18733
|
| 801 |
|
2 |
|a RU
|b 63413507
|c 20150608
|g RCR
|
| 850 |
|
|
|a 63413507
|
| 856 |
4 |
|
|u http://conference.tsu.ru/engine/download.php?id=253
|
| 942 |
|
|
|c CF
|